|
|
|
|
| LEADER |
00000nam0a2200000 4500 |
| 001 |
38753 |
| 005 |
20231101210522.0 |
| 035 |
|
|
|a (RuTPU)RU\TPU\book\39564
|
| 090 |
|
|
|a 38753
|
| 100 |
|
|
|a 20020316d1987 m y0rusy50 ca
|
| 101 |
0 |
|
|a rus
|
| 102 |
|
|
|a RU
|
| 105 |
|
|
|a a j 001zy
|
| 200 |
1 |
|
|a Методы теории функций комплексного переменного
|e учебное пособие для университетов
|f М. А. Лаврентьев, Б. В. Шабат
|
| 205 |
|
|
|a 5-е изд., испр.
|
| 210 |
|
|
|a Москва
|c Наука
|d 1987
|
| 215 |
|
|
|a 688 с.
|c ил.
|
| 320 |
|
|
|a Библиогр.: с. 681-684.
|
| 320 |
|
|
|a Предм. указ.: с. 685-688.
|
| 451 |
|
1 |
|0 (RuTPU)RU\TPU\book\51089
|y 5-9511-0014-3
|t Методы теории функций комплексного переменного
|o [учебник]
|f М. А. Лаврентьев, Б. В. Шабат
|e 6-е изд., стер.
|c Санкт-Петербург
|n Лань
|d 2002
|p 680 с.
|a Лаврентьев, М. А.
|
| 451 |
|
1 |
|0 (RuTPU)RU\TPU\book\55174
|t Методы теории функций комплексного переменного
|o учебное пособие
|f М. А. Лаврентьев, Б. В. Шабат
|e 4-е изд., испр.
|c Москва
|n Наука
|d 1973
|p 736 с.
|s Учебники для вузов. Специальная литература
|a Лаврентьев, Михаил Алексеевич
|
| 606 |
|
|
|a Функции комплексного переменного
|2 stltpush
|3 (RuTPU)RU\TPU\subj\17059
|9 42902
|
| 610 |
1 |
|
|a математика
|
| 610 |
1 |
|
|a конформные отображения
|
| 610 |
1 |
|
|a краевые задачи
|
| 610 |
1 |
|
|a вариационные системы
|
| 610 |
1 |
|
|a операционный анализ
|
| 610 |
1 |
|
|a специальные функции
|
| 610 |
1 |
|
|a учебные пособия
|
| 675 |
|
|
|a 517.53(075.8)
|v 3
|
| 700 |
|
1 |
|a Лаврентьев
|b М. А.
|g Михаил Алексеевич
|
| 701 |
|
1 |
|a Шабат
|b Б. В.
|g Борис Владимирович
|
| 801 |
|
1 |
|a RU
|b 63413507
|c 20020316
|g PSBO
|
| 801 |
|
2 |
|a RU
|b 63413507
|c 20191108
|g PSBO
|
| 900 |
|
|
|a Математический анализ
|
| 942 |
|
|
|c BK
|